000 01125nam a2200265 a 4500
005 20090126150509.0
008 860905s1986 ii 000 0 eng
010 _aENG-92956
020 _c125.00
035 _aEN-76489
037 _bDBAD / PUB
040 _adpl
_bEnglish
043 _aa-ii---
082 _a345.540277
110 _aIndia.
240 _aNarcotic Drugs and Psychotropic Substances Act, 1985
245 _aThe Narcotic Drugs and Psychotropic Substances Act, 1985 (Act 61 of 1985) :
_bwith The Narcotic Drugs and Psychotropic Substances Rules, 1985
260 _aNew Delhi
_bArcher Publications
_c2005-2006
270 _a138, Sector-IV, Pocket B/8, Rohini,
_bNew Delhi
_e110085
300 _a178 p.
_c24 cm (pbk)
650 _aDrugs of abuse
_xLaw and legislation
_zIndia
_xCriminal provisions.
650 _aPsychotropic drugs
_xLaw and legislation
_zIndia.
942 _2ddc
_cEN
_h345.540277
_mNAR
999 _c23527
_d23527